Minecraft Biomes - Statistics

General Stats
  • This quiz has been taken 23 times
  • The average score is 22 of 65
Answer Stats
Biome Type Biome % Correct
Flatland Biomes Plains
91%
Arid-Land Biomes Desert
82%
Woodland Biomes Forest
82%
End Biomes The End
82%
Jungle
73%
Taiga
73%
Badlands
68%
Nether Biomes Nether Wastes
64%
Warm Ocean
64%
Birch Forest
59%
Savanna
59%
Cold Ocean
55%
Ice Spikes
55%
Off-Land Biomes Ocean
55%
Warped Forest
55%
Wetland Biomes River
50%
Soul Sand Valley
50%
Swamp
50%
Crimson Forest
45%
Dark Forest
45%
Cave Biomes Deep Dark
45%
Lukewarm Ocean
45%
Beach
41%
Deep Ocean
41%
Snowy Plains
36%
Snowy Taiga
36%
Basalt Deltas
32%
Dripstone Caves
32%
Meadow
32%
Stony Shore
32%
Flower Forest
27%
Frozen Ocean
27%
Lush Caves
27%
Mangrove Swamp
27%
Deep Cold Ocean
23%
Bamboo Jungle
18%
Deep Frozen Ocean
18%
Eroded Badlands
18%
Frozen Peaks
18%
Mushroom Fields
18%
Old Growth Birch Forest
18%
Small End Islands
18%
Sparse Jungle
18%
Misc. Biomes The Void
18%
Windswept Savanna
18%
Wooded Badlands
18%
Deep Lukewarm Ocean
14%
End Midlands
14%
Grove
14%
Highland Biomes Jagged Peaks
14%
Pale Garden
14%
Savanna Plateau
14%
Snowy Slopes
14%
Sunflower Plains
14%
Windswept Hills
14%
Cherry Grove
9%
End Highlands
9%
Old Growth Pine Taiga
9%
Old Growth Spruce Taiga
9%
Snowy Beach
9%
Stony Peaks
9%
End Barrens
5%
Frozen River
5%
Windswept Forest
5%
Windswept Gravelly Hills
5%
No matching quizzes found
Score Distribution
Percent of People with Each Score
Percentile by Number Answered
Your Score History
You have not taken this quiz